| 000 | 00492nam a2200181Ia 4500 | ||
|---|---|---|---|
| 005 | 20250508153226.0 | ||
| 008 | 008 250505s9999 xx 000 0 eng d | ||
| 037 | _aReference | ||
| 040 |
_aFEDL _beng _cFEDL |
||
| 041 |
_aeng _2eng |
||
| 084 |
_a371.95, TOR _qFEDL |
||
| 100 | _aTorrance E Paul | ||
| 245 | 0 | _aGuiding creative talent | |
| 260 |
_aEnglewood Cliffs _b Prentice-Hall _c1962 |
||
| 300 | _axi,278p. | ||
| 942 |
_cREF _h371.95, TOR |
||
| 999 |
_c1341375 _d1341375 |
||